Operating system concepts : windows xp update (Record no. 172765)
[ view plain ]
| 000 -LEADER | |
|---|---|
| fixed length control field | 00456nam a2200157Ia 4500 |
| 008 - FIXED-LENGTH DATA ELEMENTS--GENERAL INFORMATION | |
| fixed length control field | 231217s9999 xx 000 0 und d |
| 041 ## - LANGUAGE CODE | |
| Language code of text/sound track or separate title | English |
| 082 ## - DEWEY DECIMAL CLASSIFICATION NUMBER | |
| Classification number | 001.642 SIL;54 |
| 100 ## - MAIN ENTRY--PERSONAL NAME | |
| Personal name | Silberschatz, Abraham. Galvin, Peter Baer. Gagne, Greg. |
| 245 #0 - TITLE STATEMENT | |
| Title | Operating system concepts : windows xp update |
| 250 ## - EDITION STATEMENT | |
| Edition statement | 6th ed. |
| 260 ## - PUBLICATION, DISTRIBUTION, ETC. | |
| Date of publication, distribution, etc. | 2004 |
| Name of publisher, distributor, etc. | John Wiley |
| Place of publication, distribution, etc. | New York |
| 300 ## - PHYSICAL DESCRIPTION | |
| Extent | xxi+951 |
| 650 ## - SUBJECT ADDED ENTRY--TOPICAL TERM | |
| Topical term or geographic name entry element | Operating,:,windows,xp,update |
| 942 ## - ADDED ENTRY ELEMENTS (KOHA) | |
| Koha item type | Books |
| Date last seen | Total checkouts | Full call number | Accession number | Uniform resource identifier | Cost, total (INR) price | Price effective from | Category | Public note | Lost status | Damaged status | Department | Withdrawn status | Home library | Current library | Shelving location | Entry date | Vendor | Cost, normal purchase price | Grants | Billnumber | Billdate | Currency symbol | Conversion rate | Discount | Old discount |
|---|---|---|---|---|---|---|---|---|---|---|---|---|---|---|---|---|---|---|---|---|---|---|---|---|---|
| 26/01/2024 | 001.642 SIL;54 | 29141 | digital/contents/29141.pdf | 324.68 | 26/01/2024 | Books | repl/cs/9312 | Central Library | Central Library | Central Library | Central Library | 29/07/2004 | I K International | 9.00 | IS | 595 | 20/07/2006 | USD | 48.1 | 2.25 | 25 | ||||
| 26/01/2024 | 001.642 SIL;55 | 29142 | 324.68 | 26/01/2024 | Books | Central Library | Central Library | Central Library | Central Library | 29/07/2004 | I K International | 9.00 | IS | 595 | 20/07/2006 | USD | 48.1 | 2.25 | 25 | ||||||
| 26/01/2024 | 001.642 SIL;56 | 29143 | digital/contents/29141.pdf | 324.68 | 26/01/2024 | Books | Central Library | Central Library | Central Library | Central Library | 29/07/2004 | I K International | 9.00 | IS | 595 | 20/07/2006 | USD | 48.1 | 2.25 | 25 | |||||
| 26/01/2024 | 001.642 SIL;57 | 38721 | 335.59 | 26/01/2024 | Books | Central Library | Central Library | Central Library | Central Library | 24/11/2005 | Sapna Book House | 9.00 | IS | 31983 | 08/09/2004 | USD | 47.2 | 1.89 | 21 | ||||||
| 26/01/2024 | 001.642 SIL;58 | 38722 | digital/contents/29141.pdf | 335.59 | 26/01/2024 | Books | repl/is/8769 | Central Library | Central Library | Central Library | Central Library | 24/11/2005 | Sapna Book House | 9.00 | IS | 31983 | 08/09/2004 | USD | 47.2 | 1.89 | 21 |
